LEADER 00978nam0-22003131i-450- 001 990004647540403321 005 20100108141337.0 035 $a000464754 035 $aFED01000464754 035 $a(Aleph)000464754FED01 035 $a000464754 100 $a19990604d1978----km-y0itay50------ba 101 0 $aita 102 $aIT 105 $ay-------001yy 200 1 $aTensioni e conflitto nella magistratura$eun'analisi istituzionale dal dopoguerra al 1968$fGiorgio Freddi 210 $aRoma ; Bari$cLaterza$d1978$hstampa 1977 215 $aVIII, 308 p.$c24 tav. f.t.$d22 cm 225 1 $aBiblioteca di cultura moderna$v805 610 0 $aItalia$aMagistratura$a1946-1968 676 $a347.1 700 1$aFreddi,$bGiorgio$f<1932- >$0118730 801 0$aIT$bUNINA$gRICA$2UNIMARC 901 $aBK 912 $a990004647540403321 952 $a347.1 FRE 1$bBibl.51345$fFLFBC 959 $aFLFBC 996 $aTensioni e conflitto nella magistratura$9553930 997 $aUNINA LEADER 01351nam0 22003011i 450 001 UON00123491 005 20231205102726.896 100 $a20020107d1981 |0itac50 ba 101 $aeng 102 $aNL 105 $a|||| 1|||| 200 1 $aˆThe ‰Chronicles of the Pathan Kings of Delhi$eor the Muslim Sultanate of Hindustan, c. 589/1193 - 964/1556 illustrated by coins, inscriptions, and other antiquaria remains... / Edward Thomas 210 $aAmsterdam: APA, Oriental Press$d1981 215 $aXXV, 467 p., c. di tav.$cill.$d24 cm 606 $aEPIGRAFIA INDIANA$xDELHI$3UONC013588$2FI 606 $aIndia$xStoria$xSec. VII-XVI$3UONC008087$2FI 606 $aNUMISMATICA$xINDIA$3UONC000662$2FI 620 $aNL$dAmsterdam$3UONL001817 686 $aSI XX B$cSUBCONT. INDIANO - NUMISMATICA$2A 700 1$aTHOMAS$bEdward$3UONV020115$0387146 712 $aAPA$3UONV257042$4650 712 $aOriental Press$3UONV246649$4650 801 $aIT$bSOL$c20260306$gRICA 899 $aSIBA - SISTEMA BIBLIOTECARIO DI ATENEO E ARCHIVIO STORICO$2UONSI 912 $aUON00123491 950 $aSIBA - SISTEMA BIBLIOTECARIO DI ATENEO E ARCHIVIO STORICO$dSI SI XX B 023 $eSI SA 34396 7 023 996 $aChronicles of the Pathan Kings of Delhi$91317775 997 $aUNIOR